Tumores de los huesos (Record no. 120169)

MARC details
000 -LEADER
campo de control de longitud fija 00674nam a2200205 4500
001 - NÚMERO DE CONTROL
campo de control 120169
003 - IDENTIFICADOR DE NÚMERO DE CONTROL
campo de control ES-MaACL
005 - FECHA Y HORA DE LA ÚLTIMA TRANSACCIÓN
campo de control 20230906191459.0
007 - CAMPO FIJO DE DESCRIPCIÓN FÍSICA--INFORMACIÓN GENERAL
campo de control de longitud fija t|
008 - DATOS DE LONGITUD FIJA--INFORMACIÓN GENERAL
campo de control de longitud fija 070214s1948 ag r ||||1| spa d
100 1# - ENTRADA PRINCIPAL--NOMBRE DE PERSONA
Nombre de persona Piqué, José Alberto.
9 (RLIN) 92318
245 10 - MENCIÓN DEL TÍTULO
Título Tumores de los huesos
Resto del título : diagnóstico y tratamiento /
Mención de responsabilidad, etc. por los Doctores José Alberto Piqué y Fritz Schajowicz.
260 ## - PUBLICACIÓN, DISTRIBUCIÓN, ETC.
Lugar de publicación, distribución, etc. Buenos Aires :
Nombre del editor, distribuidor, etc. Ateneo,
Fecha de publicación, distribución, etc. 1948.
300 ## - DESCRIPCIÓN FÍSICA
Extensión 94 p., 14 lám. ;
Dimensiones 24 cm.
490 1# - MENCIÓN DE SERIE
Mención de serie Biblioteca de Terapéutica
700 1# - ENTRADA AGREGADA--NOMBRE PERSONAL
Nombre de persona Schajowicz, Fritz.
9 (RLIN) 104212
830 0# - PUNTO DE ACCESO ADICIONAL DE SERIE-TÍTULO UNIFORME
Título uniforme Biblioteca de Terapéutica
9 (RLIN) 186479
852 ## - LOCALIZACIÓN
Ubicación ES-MaACL
Número de control de estantería D-7555
Sublocalización o colección R.27100
Holdings
Estatus retirado Estado de pérdida Estado de daño No para préstamo Biblioteca de origen Biblioteca actual Ubicación en estantería Fecha de adquisición Fuente de adquisición Total de préstamos Signatura topográfica completa Código de barras Visto por última vez Precio de reemplazo Tipo de ítem Koha
        Biblioteca del Ateneo de Madrid Biblioteca del Ateneo de Madrid Sala Valle Inclán 17/01/2008     D-7555 901125258 23/02/2023 23/02/2023 Libro impreso